Представление документа в формате RUSMARC

ПолеНазваниеЗначение
  Тип записи a
  Библиографический уровень m
001 Контрольный номер UONB/MAIN/b3d15e781e57463a86cd51c7973f128a
005 Дата корректировки 20250520124808.6
010 Индекс ISBN __
b Уточнения в пер.
d Цена 60 к.
9 Тираж 4000 экз.
100 Данные общей обработки __
a Данные общей обработки 20250205d1966 u y0rusy0189## ca
101 Язык документа 0_
a Язык текста rus
102 Страна публикации __
a Страна публикации RU
105 Кодированные данные (монография) __
a Кодированные данные (монография) a z 001yy
200 Заглавие и сведения об ответственности 1_
a Заглавие Лабораторные методы испытания на изнашивание материалов зубчатых колес
f Первые сведения об ответственности М. М. Хрущов
203 Вид содержания и тип средства __
a Вид содержания Текст
b Характеристика содержания визуальный
c Тип средства непосредственный
210 Выходные данные 1_
a Место издания Москва
c Издательство Машиностроение
d Дата издания 1966
215 Физическое описание __
a Объем 152 с.
c Иллюстрации/тип воспроизводства ил.
d Формат 22 см
300 Общие примечания __
a Общие примечания Перед загл. авт.: М. М. Хрущов, д-р техн. наук
320 Библиография __
a Библиография Библиогр.: с. 145-150
606 Тематические рубрики 0_
a Основная рубрика Зубчатые колеса
x Основная подрубрика Испытание на износ
610 Ключевые слова 0_
a Ключевые слова зубчатые колеса
675 Индекс УДК __
a Индекс УДК 6П5.312.5
686 Индексы других классификаций __
a Классификационный индекс 34
2 Код системы rubbk
700 Автор _1
a Фамилия Хрущов
b Имя (инициалы) М. М.
g Полное личное имя Михаил Михайлович
801 Источник записи _0
a Страна RU
b Организация Ульяновская ОНБ
c Дата составления 20250205
g Правила каталогизации RCR
801 Источник записи _1
a Страна RU
b Организация Ульяновская ОНБ
c Дата составления 20250205
g Правила каталогизации RCR
901 Тип документа __
t Тип документа m
909 Создатель записи __
a Создатель записи Аверьянова
b Дата создания записи 20250205